Biología celular y molecular de De Robertis

Saved in:
Bibliographic Details
Main Author: De Robertis, Eduardo M. F
Other Authors: Hib, José, Ponzio, Roberto
Format: Book
Language:Spanish
Published: Buenos Aires, Argentina El Ateneo 2002
Edition:Décima quinta edición
Subjects:
Tags: Add Tag
No Tags, Be the first to tag this record!

MARC

LEADER 00000nam a2200000 a 4500
001 UCK3237
003 CL-VaPUC
005 20250103110141.0
008 050415e20020000AG |||||||||||||||||spa|d
999 |c 312498  |d 312496 
020 |a 9500203847 
040 |c Pontificia Universidad Católica de Valparaíso 
082 0 4 |a 571.6 DER 2002  |2 21 
100 0 |a De Robertis, Eduardo M. F  |9 491294 
245 1 0 |a Biología celular y molecular de De Robertis 
250 |a Décima quinta edición 
260 0 3 |a Buenos Aires, Argentina  |b El Ateneo  |c 2002 
300 |a 469 páginas 
583 |a last modification  |c 20050415 00:00:00  |k Rodrigo Vera 
650 0 |a Biología celular  |x Biología molecular  |9 341055 
650 0 |a Citoquímica   |9 269548 
650 0 |a Meiosis  |x Mitosis  |9 891682 
650 0 |a Membrana celular  |9 891683 
650 0 |a Ácido ribonucleico  |x Proteínas   |9 891684 
700 0 |a Hib, José  |9 491295 
700 0 |a Ponzio, Roberto  |9 491296 
942 |c BK  |2 ddc 
945 |d 20050415 00:00:00  |a jcarroza 
952 |0 0  |1 0  |2 ddc  |4 0  |6 571_600000000000000_DER_2002  |7 0  |8 A  |9 382905  |a BIBCUR  |b BIBCUR  |d 2019-11-21  |i 4106059  |l 3  |m 1  |o 571.6 DER 2002  |p 4106059  |r 2025-04-22  |s 2025-04-10  |t 1  |w 2019-11-21  |y BK  |k BIO 
952 |0 0  |1 0  |2 ddc  |4 0  |6 571_600000000000000_DER_2002  |7 0  |8 CCM  |9 382906  |a BIBCUR  |b BIBCUR  |d 2019-11-21  |i 4142403  |o 571.6 DER 2002  |p 4142403  |r 2025-04-22  |t 3  |w 2019-11-21  |y BK  |k CIM 
952 |0 0  |1 0  |2 ddc  |4 0  |6 571_600000000000000_DER_2002  |7 0  |8 A  |9 382907  |a BIBCUR  |b BIBCUR  |d 2019-11-21  |i 4340345  |l 2  |o 571.6 DER 2002  |p 4340345  |r 2025-04-22  |s 2022-07-05  |t 2  |w 2019-11-21  |y BK  |k BCB